000 00583nam a22002297a 4500
003 UA-OsUOA
001 96281
007 ta
008 20130318b un ||||| |||| 00| 0 ukr d
100 _aМамин-Сибиряк Д.
090 _a821.161.1
_bМ22
942 _cBK
040 _aUA-OsUOA
_brus
_cUA-OsUOA
_dUA-OsUOA
245 _aГорное гнездо
300 _a318 с.
955 _a3
041 _arus
080 _a821.161.1
260 _aМ.
_bОГИЗ
_c1946
650 7 _a82 Література. Літературознавство
_2UDC
999 _c382536
_d382536